| 000 | 00342nam a22001457a 4500 | ||
|---|---|---|---|
| 003 | SGT | ||
| 020 | _a81-7310-055-1 | ||
| 082 |
_a647.01 _bR95M |
||
| 100 | _aMUKUNDAN, MONISHA | ||
| 245 | _aRAJASTHAN, COBR AND ROMANEE | ||
| 260 |
_aNEW DELHI _bINDIA BOOK DISTRIBUTORS _c1995 |
||
| 300 | _a67 | ||
| 650 | _aHOTEL MANAGEMENT | ||
| 942 |
_2ddc _cBK |
||
| 999 |
_c12877 _d12877 |
||